000 02448cam a2200301 a 4500
001 15107519
003 ARRUPE
005 20160316113116.0
008 071210s2008 nyu b 000 0 eng
010 _a 2007050548
020 _a9780385525824 (alk. paper)
040 _aDLC
_cDLC
_dDLC
050 0 0 _aBT660.F3
_bB37 2008
082 0 0 _a232.91/70946945
_222
100 1 _aBertone, Tarcisio.
_922946
245 1 4 _aThe last secret of Fatima :
_bmy conversations with Sister Lucia /
_cTarcisio Bertone ; with Giuseppe De Carli ; foreword by Pope Benedict XVI.
260 _aNew York :
_bDoubleday,
_cc2008.
300 _axvii, 171 p. ;
_c22 cm.
504 _aIncludes bibliographical references.
505 0 _aUnder the mantle of Mary -- A perfect post-modern mix -- An illiterate forced to write -- The fateful number thirteen -- Mysterious children -- Encounter with the supernatural -- Not your ordinary red hat -- Parsing the prophecy of Fatima. an interview with Cardinal Tarcisio Bertone -- A radiant, credible witness -- The Rsary and the Liturgy -- The transforming power of Fatima -- John Paul II : the Pope of the third secret -- The enigma of John Paul I -- Envelope, one secret -- Mysteries beyond our ken -- An ongoing revelation -- Fatima, the Holocaust, and more -- Medjugorje -- In defence of popular piety -- Popes and the rosary -- The fascination of the divine -- The call of the sea -- A prayer in the blue mosque -- "As a cardinal, I couldn't say no" -- Messages, interpretations, and acts of entrustment -- The secret of Fatima : parts one and two of the secret -- Supplement to the second part of the secret : the shoah -- Further texts connected with the second secret -- The secret of fatima : the third part of the secret -- Theological commentary of the former prefect of the congregation for the doctrine of the faith, Cardinal Joseph Ratzinger -- John Paul II's act of entrustment to the immaculate heart (March 25, 1984) -- Chronology of the events of Fatima.
600 0 0 _aMary,
_cBlessed Virgin, Saint
_xProphecies.
_922947
600 0 0 _aMaria Lúcia,
_cIrmã,
_d1907-2005.
_922948
650 0 _aFatima, Our Lady of.
_922949
700 1 _aDe Carli, Giuseppe,
_d1952-2010.
_922950
906 _a7
_bcbc
_corignew
_d1
_eecip
_f20
_gy-gencatlg
942 _2lcc
_cMONOGRAPH
999 _c124378
_d124378